000 01414nam a2200241Ii 4500
003 JO-AjNU
005 20240624105243.0
008 230605s9999||||xx |||||||||||||| ||und||
040 _aJO-AjNU
_bara
_erda
_cJO-AjNU
041 _aara
050 1 4 _aHF5686 2021
100 1 _aهجيج، احمد حسين محمد
_eمعد
_965528
245 0 0 _aاثر استخدام بطاقة الاداء المتوازن على حوافز الشركات الصناعية العراقية: دراسة حالة على الشركة العامة لصناعة الادوية والمستلزمات الطبية/سامراء = The Effect of using A Balanced Scorecard on the Incentives of iraqi Industrial Companies: A Case Study on the State company for drugs industrt and medical appliances/Samarra /
_cاعداد احمد حسين محمد هجيج؛ اشراف مأمون محمد القضاة
264 3 1 _a 2021
300 _a106 ورقة
336 _atext
_btxt
_2rdacontent
337 _aunmediated
_bn
_2rdamedia
338 _avolume
_bnc
_2rdacarrier
500 _aرسالة جامعية(اطروحة ماجستير) جامعة عجلون الوطنية: كلية ادارة الاعمال،تخصص محاسبة، 2021
650 4 _aالشركات-محاسبة- صناعة الادوية-وطبية -سامراء-العراق
_961203
700 1 _aمأمون محمد القضاة
_964873
_eمشرف
942 _2lcc
_cTHS
999 _c31216
_d31216